The business guide to Malaysia

Bibliographic Details
Main Author: Loh Siew Cheang
Format: Book
Published: Singapore : Butterworth-Heinemann Asia
Subjects:

MARC

LEADER 00000cam a2200000 7i4500
001 0000013136
005 20220222.0
020 |a 9810067941 
040 |a INS 
090 0 0 |a KPG.   |b 952 
100 1 |a Loh Siew Cheang 
245 1 4 |a The business guide to Malaysia   |c Loh Siew Cheang 
260 |a Singapore :   |b Butterworth-Heinemann Asia 
300 |a iii :   |b 281p ;   |c 24cm. 
650 0 0 |a Malaysia   |x Economic conditions 
999 |a 0000009026   |b BOOK   |c Open Shelf   |e Default branch